[Event "Dubai op 15th"]
[Site "Dubai"]
[Date "2013.04.11"]
[Round "5"]
[White "Visweswaran, Kameswaran"]
[Black "Shyam, Sundar M"]
[Result "0-1"]
[WhiteElo "2159"]
[BlackElo "2505"]
[PlyCount "88"]
[EventDate "2013.04.07"]
[EventType "swiss"]
[EventRounds "9"]
[EventCountry "UAE"]
[SourceTitle "CBM 153 Extra"]
[Source "ChessBase"]
[SourceDate "2013.04.22"]
[SourceVersion "1"]
[SourceVersionDate "2013.04.22"]
[SourceQuality "1"]

1. b3 e5 2. Bb2 Nc6 3. e3 Nge7 4. c4 g6 5. Nc3 Bg7 6. d3 d5 7. cxd5 Nxd5 8. Rc1 Nxc3 9. Bxc3 Bf5 10. Nf3 Qd6 11. Ng5 Rd8 12. Ne4 Qa3 13. Qc2 Nb4 14. Bxb4 Qxb4+ 15. Qc3 Qxc3+ 16. Rxc3 c6 17. Be2 Bc8 18. 0-0 f5 19. Nd2 0-0 20. b4 Rfe8 21. Rb1 Bf8 22. Nc4 Rd5 23. h3 Kg7 24. Bd1 Red8 25. Bc2 Kf6 26. Kf1 Rb5 27. a3 c5 28. Rcb3 cxb4 29. axb4 Be6 30. R3b2 Rc8 31. Ba4 Rd5 32. Na5 b6 33. Nc6 Rxd3 34. b5 Bc5 35. Bc2 Ra3 36. Bb3 a6 37. Bxe6 Kxe6 38. Nb4 axb5 39. Nc2 Rc3 40. Ke2 Rd8 41. g4 f4 42. h4 Rd7 43. Kf3 Rd2 44. Nd4+ Rxd4 0-1

[Event "Al Ain op 1st"]
[Site "Al Ain"]
[Date "2012.12.27"]
[Round "6"]
[White "Mammadov, Zaur Fazahir Oglu"]
[Black "Visweswaran, Kameswaran"]
[Result "1-0"]
[WhiteElo "2459"]
[BlackElo "2158"]
[PlyCount "107"]
[EventDate "2012.12.22"]
[EventType "swiss"]
[EventRounds "9"]
[EventCountry "UAE"]
[SourceTitle "CBM 152 Extra"]
[Source "ChessBase"]
[SourceDate "2013.02.25"]
[SourceVersion "1"]
[SourceVersionDate "2013.02.25"]
[SourceQuality "1"]

1. e4 e5 2. Nf3 Nf6 3. Nxe5 d6 4. Nf3 Nxe4 5. d4 d5 6. Bd3 Nc6 7. 0-0 Be7 8. Nc3 f5 9. Ne2 0-0 10. Bb5 Bd6 11. Nf4 Ne7 12. Nd3 c6 13. Ba4 Ng6 14. Bb3 Be6 15. Re1 Qf6 16. Nfe5 Rae8 17. f3 Ng5 18. Bd2 Nf7 19. f4 Qd8 20. Qf3 Nfxe5 21. dxe5 Be7 22. Be3 Qa5 23. c3 Rd8 24. Qf2 b6 25. Bc2 c5 26. a3 Qb5 27. b4 d4 28. cxd4 cxd4 29. Bc1 Bd5 30. Rd1 Be4 31. Bb2 Nh4 32. Ne1 d3 33. Bb3+ Kh8 34. Rac1 d2 35. Rxd2 Rxd2 36. Qxd2 Bxg2 37. Qf2 Be4 38. Rc7 Ng6 39. e6 Rg8 40. Bc4 Qa4 41. Qd4 a5 42. Qd7 b5 43. Ra7 Bd3 44. Bxd3 Qd1 45. Kf1 Qd2 46. Qd4 axb4 47. Bxf5 Qxh2 48. Bxg6 bxa3 49. Ba1 Qh3+ 50. Kg1 Qxe6 51. Ng2 Bf6 52. Qxf6 Qxf6 53. Bxf6 hxg6 54. Be7 1-0

[Event "Al Ain op 1st"]
[Site "Al Ain"]
[Date "2012.12.27"]
[Round "7"]
[White "Visweswaran, Kameswaran"]
[Black "Hassan, Sayed Barakat"]
[Result "0-1"]
[WhiteElo "2158"]
[BlackElo "2347"]
[PlyCount "48"]
[EventDate "2012.12.22"]
[EventType "swiss"]
[EventRounds "9"]
[EventCountry "UAE"]
[SourceTitle "CBM 152 Extra"]
[Source "ChessBase"]
[SourceDate "2013.02.25"]
[SourceVersion "1"]
[SourceVersionDate "2013.02.25"]
[SourceQuality "1"]

1. e4 e6 2. d4 d5 3. Nc3 Bb4 4. e5 c5 5. a3 Bxc3+ 6. bxc3 Ne7 7. h4 Qc7 8. Rh3 Bd7 9. a4 Qa5 10. dxc5 Nbc6 11. Qg4 Nf5 12. Qf4 d4 13. Rb1 0-0-0 14. g4 Nfe7 15. Bg2 Ng6 16. Qe4 Be8 17. Ne2 Ngxe5 18. Bf4 f6 19. Kf1 Bg6 20. cxd4 Bxe4 21. Bxe4 Nxd4 22. Nc3 Qxc5 23. Rxb7 Qc4+ 24. Kg2 Ne2 0-1

[Event "Los Angeles Metropolitan 18th"]
[Site "Los Angeles"]
[Date "2012.04.15"]
[Round "9"]
[White "Remlinger, Larry"]
[Black "Visweswaran, Kameswaran"]
[Result "1-0"]
[WhiteElo "2399"]
[BlackElo "2281"]
[PlyCount "51"]
[EventDate "2012.04.11"]
[EventType "tourn"]
[EventRounds "9"]
[EventCountry "USA"]
[EventCategory "2"]
[SourceTitle "CBM 148 Extra"]
[Source "ChessBase"]
[SourceDate "2012.06.22"]
[SourceVersion "1"]
[SourceVersionDate "2012.06.22"]
[SourceQuality "1"]

1. d4 Nf6 2. c4 g6 3. Nc3 Bg7 4. e4 d6 5. Nge2 0-0 6. Ng3 c5 7. d5 e6 8. Be2 h5 9. Bg5 Re8 10. 0-0 Qb6 11. Qd2 Nh7 12. Bh6 h4 13. Bxg7 Kxg7 14. Nh1 e5 15. f4 f6 16. fxe5 Rxe5 17. Nf2 Nd7 18. Ng4 Rg5 19. Kh1 Qd8 20. Nb5 Qe7 21. Nc7 Ne5 22. Nxf6 h3 23. g3 Bd7 24. Nxh7 Kxh7 25. Nxa8 Be8 26. Nc7 1-0

[Event "Los Angeles Metropolitan 17th"]
[Site "Los Angeles"]
[Date "2012.03.31"]
[Round "7"]
[White "Visweswaran, Kameswaran"]
[Black "Amanov, Zhanibek"]
[Result "0-1"]
[WhiteElo "2281"]
[BlackElo "2404"]
[PlyCount "92"]
[EventDate "2012.03.28"]
[EventType "tourn"]
[EventRounds "9"]
[EventCountry "USA"]
[EventCategory "1"]
[SourceTitle "CBM 147 Extra"]
[Source "ChessBase"]
[SourceDate "2012.04.24"]
[SourceVersion "1"]
[SourceVersionDate "2012.04.24"]
[SourceQuality "1"]

1. e4 e5 2. Nf3 Nc6 3. Bb5 a6 4. Bxc6 dxc6 5. 0-0 Qf6 6. d4 exd4 7. Qxd4 Qxd4 8. Nxd4 Bd7 9. Nc3 0-0-0 10. Bg5 f6 11. Be3 Ne7 12. Rad1 c5 13. Nb3 b6 14. a4 a5 15. Bf4 Re8 16. Bg3 g6 17. Nd2 f5 18. Nc4 Bh6 19. exf5 gxf5 20. Be5 Rhg8 21. g3 Be6 22. Nxb6+ cxb6 23. Nb5 Nc6 24. Nd6+ Kb8 25. Nxe8+ Nxe5 26. Nf6 Rg6 27. Nxh7 Bc4 28. Rd8+ Kc7 29. Rfd1 Be2 30. R1d5 Bf3 31. h4 f4 32. h5 Re6 33. gxf4 Ng4 34. R5d7+ Kc6 35. Rd1 Bxd1 36. Rxd1 Bxf4 37. Nf8 Re2 38. Rf1 Rxc2 39. Ng6 Bh2+ 40. Kh1 Bd6 41. f3 Ne3 42. Re1 Rh2+ 43. Kg1 Rxh5 44. f4 Nd5 45. Re4 Nxf4 46. Nxf4 Rh4 0-1

[Event "Los Angeles Metropolitan 17th"]
[Site "Los Angeles"]
[Date "2012.03.30"]
[Round "4"]
[White "Tatum, Kofi Odell"]
[Black "Visweswaran, Kameswaran"]
[Result "1-0"]
[WhiteElo "2045"]
[BlackElo "2281"]
[PlyCount "81"]
[EventDate "2012.03.28"]
[EventType "tourn"]
[EventRounds "9"]
[EventCountry "USA"]
[EventCategory "1"]
[SourceTitle "CBM 147 Extra"]
[Source "ChessBase"]
[SourceDate "2012.04.24"]
[SourceVersion "1"]
[SourceVersionDate "2012.04.24"]
[SourceQuality "1"]

1. Nf3 d5 2. c4 d4 3. g3 Nc6 4. Bg2 e5 5. d3 f5 6. 0-0 a5 7. e3 dxe3 8. Bxe3 Nf6 9. Nc3 Be7 10. Qb3 0-0 11. Rad1 Qe8 12. Nd5 Bd8 13. Bc5 a4 14. Qc3 Rf7 15. Rfe1 Nd7 16. Ba3 h6 17. d4 e4 18. Nd2 Nf8 19. f3 Ne6 20. fxe4 Ncxd4 21. exf5 Rxf5 22. Qxd4 Qh5 23. Qe4 Rf7 24. Qe2 Qxe2 25. Rxe2 c6 26. Bh3 Ng5 27. Bxc8 Rxc8 28. Nf4 Bc7 29. Ng6 Rd8 30. Rf1 Ba5 31. Ne4 Rxf1+ 32. Kxf1 Rd1+ 33. Kg2 Nf7 34. h4 Rd4 35. h5 Rxc4 36. Nd6 Nxd6 37. Bxd6 Rd4 38. Re8+ Kf7 39. Re7+ Kg8 40. Be5 Rd2+ 41. Kh3 1-0

[Event "Chennai op 2nd"]
[Site "Chennai"]
[Date "2010.01.26"]
[Round "3"]
[White "Rahman, Ziaur"]
[Black "Visweswaran, Kameswaran"]
[Result "1-0"]
[WhiteElo "2548"]
[BlackElo "2297"]
[PlyCount "128"]
[EventDate "2010.01.25"]
[EventType "swiss"]
[EventRounds "11"]
[EventCountry "IND"]
[SourceTitle "CBM 134 Extra"]
[Source "ChessBase"]
[SourceDate "2010.03.03"]
[SourceVersion "1"]
[SourceVersionDate "2010.03.03"]
[SourceQuality "1"]

1. d4 d5 2. Nf3 Nf6 3. c4 c6 4. e3 Bg4 5. Nc3 e6 6. h3 Bxf3 7. Qxf3 Nbd7 8. cxd5 exd5 9. Bd3 Bd6 10. g4 g6 11. Bd2 Qe7 12. 0-0-0 Bb4 13. Kb1 0-0 14. g5 Nh5 15. Rhg1 Qe6 16. Qg4 Rae8 17. Rde1 Nb6 18. a3 Bd6 19. Qd1 Nc4 20. Bc1 Bh2 21. Rg4 Bc7 22. e4 Ba5 23. Qb3 Nd6 24. Re2 Bxc3 25. exd5 Qxd5 26. Qxc3 Rxe2 27. Bxe2 Qf5+ 28. Qd3 Re8 29. Be3 Ne4 30. Rh4 Ng7 31. Bg4 Qd5 32. Bd1 Nf5 33. Rf4 Nc5 34. Qc2 Nxe3 35. fxe3 Ne6 36. Re4 Qxg5 37. h4 Qg1 38. Ka2 Qh1 39. h5 Ng7 40. Rxe8+ Nxe8 41. Be2 Nd6 42. hxg6 hxg6 43. Bd3 Qd5+ 44. b3 Kg7 45. Qb2 f5 46. Qh2 a5 47. Kb2 b5 48. Qh4 Qg2+ 49. Bc2 g5 50. Qe1 a4 51. bxa4 Nc4+ 52. Kc1 Nxa3 53. Bxf5 Qa2 54. Qb4 Qa1+ 55. Kd2 Nc4+ 56. Ke2 Qa2+ 57. Kf3 g4+ 58. Bxg4 Nd2+ 59. Kf4 Qf7+ 60. Bf5 Qc7+ 61. Kg4 Nf1 62. Qe1 Nh2+ 63. Kh3 bxa4 64. Qg1+ Kf8 1-0

[Event "Asia-ch 5th"]
[Site "Hyderabad"]
[Date "2005.10.07"]
[Round "2"]
[White "Wang, Yue"]
[Black "Visweswaran, Kameswaran"]
[Result "1-0"]
[WhiteElo "2585"]
[BlackElo "2289"]
[PlyCount "105"]
[EventDate "2005.10.05"]
[EventType "swiss"]
[EventRounds "9"]
[EventCountry "IND"]
[SourceTitle "CBM 110"]
[Source "ChessBase"]
[SourceDate "2006.01.31"]
[SourceVersion "1"]
[SourceVersionDate "2006.01.31"]
[SourceQuality "1"]

1. d4 d5 2. Nf3 c6 3. c4 e6 4. Nbd2 f5 5. g3 Nf6 6. Bg2 Bd6 7. 0-0 0-0 8. b3 b6 9. Ne5 Bb7 10. Ndf3 Qe7 11. Bg5 Na6 12. Ne1 Qc7 13. Bxf6 Rxf6 14. N1d3 Nb4 15. Nxb4 Bxb4 16. Nd3 Be7 17. Rc1 Qd7 18. b4 Rc8 19. Ne5 Qd6 20. Qa4 Ra8 21. b5 c5 22. Nc6 Kh8 23. dxc5 bxc5 24. cxd5 exd5 25. Rfd1 d4 26. Nxd4 Bxg2 27. Nf3 Qe6 28. Kxg2 f4 29. Qc4 fxg3 30. hxg3 Qxc4 31. Rxc4 a6 32. Ra4 h6 33. Rd7 Bf8 34. Ne5 c4 35. Rxa6 Raxa6 36. bxa6 Bc5 37. a7 Rxf2+ 38. Kh3 Bxa7 39. Rxa7 c3 40. Ng6+ Kg8 41. Nf4 g5 42. Nd5 c2 43. Rc7 Rxe2 44. Nb4 c1Q 45. Rxc1 Rb2 46. Rc4 h5 47. a4 Kg7 48. a5 Kg6 49. g4 Rb3+ 50. Kg2 hxg4 51. a6 Ra3 52. Rc2 Ra4 53. Ra2 1-0

[Event "Asia-ch 5th"]
[Site "Hyderabad"]
[Date "2005.10.06"]
[Round "1"]
[White "Visweswaran, Kameswaran"]
[Black "Gonzales, Jayson"]
[Result "1-0"]
[WhiteElo "2289"]
[BlackElo "2464"]
[PlyCount "69"]
[EventDate "2005.10.05"]
[EventType "swiss"]
[EventRounds "9"]
[EventCountry "IND"]
[SourceTitle "CBM 110"]
[Source "ChessBase"]
[SourceDate "2006.01.31"]
[SourceVersion "1"]
[SourceVersionDate "2006.01.31"]
[SourceQuality "1"]

1. e4 Nc6 2. Nf3 d6 3. d4 g6 4. Bb5 a6 5. Bxc6+ bxc6 6. 0-0 Bg7 7. Nc3 Nf6 8. Bg5 h6 9. Be3 0-0 10. h3 Kh7 11. Qd2 Bb7 12. Qd3 a5 13. Rfe1 Nd7 14. Rad1 a4 15. e5 Nb6 16. Qe4 e6 17. Qg4 d5 18. Ne2 Nd7 19. Nf4 Qe8 20. Bd2 Bc8 21. Bb4 Rg8 22. Re3 Bf8 23. Bxf8 Qxf8 24. Rc3 Ra6 25. Nd3 Rb6 26. b3 Qa3 27. Qh4 Ba6 28. Nc5 Nxc5 29. dxc5 Rb4 30. Ng5+ Kg7 31. Nxe6+ fxe6 32. Qe7+ Kh8 33. Rf3 Rg7 34. Rf8+ Kh7 35. Qe8 1-0

[Event "Singapore op"]
[Site "Singapore"]
[Date "2004.12.15"]
[Round "7"]
[White "Ramu, K."]
[Black "Visweswaran, Kameswaran"]
[Result "0-1"]
[WhiteElo "2258"]
[BlackElo "2297"]
[PlyCount "87"]
[EventDate "2004.12.11"]
[EventType "swiss"]
[EventRounds "9"]
[EventCountry "SIN"]
[SourceTitle "CBM 103 Extra"]
[Source "ChessBase"]
[SourceDate "2005.01.01"]
[SourceVersion "1"]
[SourceVersionDate "2005.01.01"]
[SourceQuality "1"]

1. e4 c5 2. Nf3 d6 3. d3 g6 4. g3 Bg7 5. Bg2 Nc6 6. 0-0 e5 7. c3 Nge7 8. a3 h6 9. b4 Be6 10. Be3 b6 11. b5 Na5 12. c4 Qd7 13. Ra2 0-0 14. Nh4 Rad8 15. Nc3 f5 16. Nd5 Bxd5 17. exd5 g5 18. Nf3 g4 19. Ne1 f4 20. Bc1 f3 21. Bh1 Rf7 22. h3 h5 23. hxg4 hxg4 24. Nxf3 gxf3 25. Bxf3 Rxf3 26. Qxf3 Nb3 27. Be3 Rf8 28. Qd1 Nd4 29. Bxd4 cxd4 30. Re2 Rf5 31. Re4 Rg5 32. Kg2 Qf5 33. Rh1 Qg6 34. Qa4 Nf5 35. Rh3 Qf7 36. Qa6 Qc7 37. a4 Ne7 38. Rh1 Ng6 39. Rd1 Qd7 40. Kf1 Rf5 41. a5 Rf6 42. axb6 axb6 43. Qa2 Qh3+ 44. Ke1 0-1

[Event "Kolkata op"]
[Site "Kolkata"]
[Date "2004.11.16"]
[Round "10"]
[White "Visweswaran, Kameswaran"]
[Black "Fominyh, Alexander"]
[Result "0-1"]
[WhiteElo "2297"]
[BlackElo "2533"]
[PlyCount "84"]
[EventDate "2004.11.08"]
[EventType "swiss"]
[EventRounds "11"]
[EventCountry "IND"]
[SourceTitle "CBM 103 Extra"]
[Source "ChessBase"]
[SourceDate "2005.01.01"]
[SourceVersion "1"]
[SourceVersionDate "2005.01.01"]
[SourceQuality "1"]

1. e4 c5 2. Nc3 e6 3. Nf3 Nc6 4. d4 cxd4 5. Nxd4 a6 6. Be2 Qc7 7. 0-0 Nf6 8. Be3 Bb4 9. Na4 0-0 10. c4 Nxe4 11. c5 d5 12. a3 Bd2 13. Nxe6 Bxe6 14. Bxd2 Rad8 15. Be1 Qe7 16. Rc1 d4 17. Bd3 Nf6 18. Bd2 Ng4 19. Bf4 Nge5 20. Nb6 Qf6 21. Bg3 h5 22. h4 Bf5 23. Bxf5 Qxf5 24. Qd2 Rfe8 25. b4 d3 26. Rcd1 Nd4 27. Kh1 Ne2 28. Qg5 Qxg5 29. hxg5 d2 30. Bxe5 Rxe5 31. f4 Re4 32. Rf2 h4 33. Kh2 Rd3 34. Nc4 Ng3 35. Rfxd2 Rxd2 36. Nxd2 Rd4 37. Re1 Rxd2 38. Re7 Nh5 39. Kh3 Nxf4+ 40. Kg4 Ng6 41. Rxb7 Rxg2+ 42. Kf3 h3 0-1

[Event "Kolkata op"]
[Site "Kolkata"]
[Date "2004.11.12"]
[Round "6"]
[White "Visweswaran, Kameswaran"]
[Black "Ahmed, Mahtabuddin"]
[Result "1-0"]
[WhiteElo "2297"]
[BlackElo "2155"]
[PlyCount "61"]
[EventDate "2004.11.08"]
[EventType "swiss"]
[EventRounds "11"]
[EventCountry "IND"]
[SourceTitle "CBM 103 Extra"]
[Source "ChessBase"]
[SourceDate "2005.01.01"]
[SourceVersion "1"]
[SourceVersionDate "2005.01.01"]
[SourceQuality "1"]

1. e4 g6 2. d4 Bg7 3. Nc3 d6 4. f4 e5 5. dxe5 dxe5 6. Qxd8+ Kxd8 7. Nf3 exf4 8. Bxf4 c6 9. 0-0-0+ Nd7 10. Bc4 Ke8 11. Ng5 Nh6 12. Rhf1 Nb6 13. Bxf7+ Nxf7 14. Nxf7 Kxf7 15. Be5+ Ke7 16. Bxg7 Rg8 17. Bf6+ Ke6 18. Ne2 Rf8 19. Nd4+ Kf7 20. h3 Kg8 21. b3 Bd7 22. a4 c5 23. Nb5 a6 24. Nc7 Rac8 25. a5 Rxc7 26. axb6 Rc6 27. Rxd7 Rfxf6 28. Rxf6 Rxf6 29. Rxb7 Re6 30. Kd2 Rxe4 31. Rc7 1-0

[Event "Piloo Mody op"]
[Site "Lucknow"]
[Date "2004.10.??"]
[Round "5"]
[White "Visweswaran, Kameswaran"]
[Black "Iuldachev, Saidali"]
[Result "0-1"]
[WhiteElo "2299"]
[BlackElo "2550"]
[PlyCount "170"]
[EventDate "2004.10.01"]
[EventType "swiss"]
[EventRounds "9"]
[EventCountry "IND"]
[SourceTitle "CBM 102 Extra"]
[Source "ChessBase"]
[SourceDate "2004.11.03"]
[SourceVersion "1"]
[SourceVersionDate "2004.11.03"]
[SourceQuality "1"]

1. e4 e5 2. Nf3 Nc6 3. Bb5 g6 4. c3 a6 5. Ba4 d6 6. d4 Bd7 7. 0-0 Bg7 8. Re1 Nge7 9. d5 Nb8 10. c4 0-0 11. Nc3 h6 12. b4 a5 13. bxa5 Rxa5 14. Bxd7 Nxd7 15. a4 f5 16. Nd2 Nf6 17. Nb3 Ra6 18. a5 Rf7 19. Rb1 Qc8 20. f3 g5 21. c5 Ng6 22. Be3 g4 23. Rc1 gxf3 24. Qxf3 fxe4 25. Nxe4 Nxd5 26. Qg3 Qf5 27. cxd6 cxd6 28. Bb6 Bf8 29. Nbd2 Ndf4 30. Nc4 Qe6 31. Nf2 Rg7 32. Kh1 Ra8 33. Ne3 h5 34. Ne4 Be7 35. Ng5 Qf6 36. Ne4 Qf8 37. Rf1 Rc8 38. Rcd1 Rc6 39. Nd5 Qf5 40. Qb3 Kh8 41. Nxe7 Qxe4 42. Nxg6+ Rxg6 43. Qf3 Qxf3 44. gxf3 Kg7 45. Be3 Nh3 46. Rb1 Rc7 47. f4 e4 48. f5 Rg4 49. Rb6 Rc2 50. Rxd6 Rgg2 51. Bd4+ Kf7 52. Be5 Ng5 53. Rb1 Nf3 54. Rxb7+ Ke8 55. Re6+ Kd8 56. Rb8+ Kd7 57. Rb7+ Kd8 58. Rb8+ Kd7 59. Rd6+ Kc7 60. Rd2+ Nxe5 61. Rxg2 Rc1+ 62. Rg1 Rxg1+ 63. Kxg1 Kxb8 64. Kg2 Ng4 65. Kg3 Kb7 66. Kf4 Nf6 67. h4 Ka6 68. Ke5 e3 69. Kxf6 e2 70. Kg5 e1Q 71. Kxh5 Qe5 72. Kg6 Qg3+ 73. Kf7 Qxh4 74. f6 Kxa5 75. Ke6 Qe4+ 76. Kd7 Qf5+ 77. Ke7 Qe5+ 78. Kf7 Kb6 79. Kg6 Qg3+ 80. Kh7 Qh4+ 81. Kg7 Qg5+ 82. Kf7 Kc7 83. Ke7 Qe5+ 84. Kf7 Kd7 85. Kg6 Ke6 0-1

[Event "United Insurance 7th"]
[Site "Dhaka"]
[Date "2004.05.15"]
[Round "11"]
[White "Visweswaran, Kameswaran"]
[Black "Saptarshi, Roy Chowdhury"]
[Result "0-1"]
[WhiteElo "2299"]
[BlackElo "2356"]
[PlyCount "70"]
[EventDate "2004.05.07"]
[EventType "swiss"]
[EventRounds "11"]
[EventCountry "BAN"]
[SourceTitle "CBM 100 Extra"]
[Source "ChessBase"]
[SourceDate "2004.07.06"]
[SourceVersion "2"]
[SourceVersionDate "2004.07.06"]
[SourceQuality "1"]

1. Nf3 d5 2. g3 e6 3. Bg2 g6 4. 0-0 Bg7 5. d3 Ne7 6. Nbd2 0-0 7. e4 b6 8. Re1 Bb7 9. e5 c5 10. h4 Nd7 11. Nf1 Nc6 12. Bf4 f6 13. exf6 Qxf6 14. c3 e5 15. Bg5 Qf7 16. Qd2 Rae8 17. Rad1 Nf6 18. N3h2 d4 19. c4 Nd8 20. Bxb7 Nxb7 21. Bxf6 Bxf6 22. Qe2 e4 23. dxe4 Nd6 24. Nd2 d3 25. Qxd3 Bd4 26. Nhf3 Nxc4 27. Nxd4 Nxb2 28. Qb3 Nxd1 29. Qxf7+ Rxf7 30. Nb5 Rd8 31. Nc4 Nxf2 32. Ncd6 Rff8 33. e5 Nd3 34. Re3 Nxe5 35. Rxe5 a6 0-1

[Event "United Insurance 7th"]
[Site "Dhaka"]
[Date "2004.05.12"]
[Round "8"]
[White "Visweswaran, Kameswaran"]
[Black "Mehdi, Hasan Parag"]
[Result "1-0"]
[WhiteElo "2299"]
[BlackElo "2243"]
[PlyCount "83"]
[EventDate "2004.05.07"]
[EventType "swiss"]
[EventRounds "11"]
[EventCountry "BAN"]
[SourceTitle "CBM 100 Extra"]
[Source "ChessBase"]
[SourceDate "2004.07.06"]
[SourceVersion "2"]
[SourceVersionDate "2004.07.06"]
[SourceQuality "1"]

1. e4 c5 2. Nf3 e6 3. d4 cxd4 4. Nxd4 Nc6 5. Nc3 Qc7 6. Be2 a6 7. 0-0 Nf6 8. Be3 Bb4 9. Na4 Be7 10. c4 Nxe4 11. c5 0-0 12. Rc1 Rb8 13. f4 f5 14. Bf3 Nf6 15. Kh1 Kh8 16. b3 Rd8 17. Qe2 Ne8 18. Nb6 Bf6 19. Nxc6 bxc6 20. Nc4 a5 21. Qd2 Ba6 22. Rfe1 Bxc4 23. Rxc4 Rb5 24. h3 Be7 25. Bd4 Nf6 26. Be5 Qa7 27. g4 fxg4 28. hxg4 Bxc5 29. g5 Ng8 30. Be4 Bf2 31. Re2 Rd5 32. Bxd5 exd5 33. Rc3 d6 34. Rxf2 dxe5 35. fxe5 Qd7 36. Qf4 d4 37. Rd3 c5 38. Qe4 Ne7 39. e6 Qd5 40. Qxd5 Nxd5 41. Rf7 Kg8 42. Rd7 1-0

[Event "United Insurance 7th"]
[Site "Dhaka"]
[Date "2004.05.11"]
[Round "6"]
[White "Visweswaran, Kameswaran"]
[Black "Lodhi, Mahmood"]
[Result "1/2-1/2"]
[WhiteElo "2299"]
[BlackElo "2406"]
[PlyCount "150"]
[EventDate "2004.05.07"]
[EventType "swiss"]
[EventRounds "11"]
[EventCountry "BAN"]
[SourceTitle "CBM 100 Extra"]
[Source "ChessBase"]
[SourceDate "2004.07.06"]
[SourceVersion "2"]
[SourceVersionDate "2004.07.06"]
[SourceQuality "1"]

1. e4 e5 2. Nf3 Nc6 3. Bb5 a6 4. Bxc6 dxc6 5. 0-0 Bg4 6. h3 h5 7. d3 Qf6 8. Nbd2 Ne7 9. hxg4 hxg4 10. g3 gxf3 11. Nxf3 Ng6 12. Kg2 Qe6 13. Rh1 Rxh1 14. Qxh1 0-0-0 15. Qh3 Qxh3+ 16. Kxh3 f6 17. Be3 c5 18. Kg4 Kd7 19. Rh1 Ke6 20. Nh4 Nxh4 21. Rxh4 c4 22. dxc4 Rd1 23. Rh8 Kf7 24. b3 Ra1 25. a4 Ra2 26. Rh1 Rxc2 27. Rd1 Ke6 28. f4 Rc3 29. f5+ Kf7 30. Bf2 Ke8 31. Rb1 b6 32. Kh5 Rc2 33. Be1 Re2 34. a5 Rh2+ 35. Kg4 Rh1 36. axb6 cxb6 37. Ra1 a5 38. Bc3 Rh2 39. Rd1 Rc2 40. Rd3 Bc5 41. Bd2 a4 42. bxa4 Rxc4 43. a5 Rxe4+ 44. Kh5 bxa5 45. Bxa5 Ra4 46. Bd2 Kf7 47. Rd7+ Be7 48. Be3 Rc4 49. Rb7 Rc2 50. Ra7 Rc4 51. Bb6 Ke8 52. Ra8+ Kf7 53. Ra7 Rc8 54. Rb7 e4 55. Kg4 Ke8 56. Kf4 Rc4 57. Rb8+ Kf7 58. Rb7 e3+ 59. Kxe3 Rc3+ 60. Ke4 Rb3 61. g4 Rb5 62. Kd4 Rb4+ 63. Kd5 Kf8 64. Rb8+ Kf7 65. Rb7 Rb1 66. Kc6 Rc1+ 67. Kd5 Rd1+ 68. Kc6 Rc1+ 69. Kd5 Re1 70. Bc5 Re5+ 71. Kd4 Rxc5 72. Rxe7+ Kxe7 73. Kxc5 Kf7 74. Kd6 Kf8 75. Kd7 Kf7 1/2-1/2

[Event "United Insurance 7th"]
[Site "Dhaka"]
[Date "2004.05.07"]
[Round "1"]
[White "Ali, Mohammad Imran"]
[Black "Visweswaran, Kameswaran"]
[Result "0-1"]
[WhiteElo "2126"]
[BlackElo "2299"]
[PlyCount "136"]
[EventDate "2004.05.07"]
[EventType "swiss"]
[EventRounds "11"]
[EventCountry "BAN"]
[SourceTitle "CBM 100 Extra"]
[Source "ChessBase"]
[SourceDate "2004.07.06"]
[SourceVersion "2"]
[SourceVersionDate "2004.07.06"]
[SourceQuality "1"]

1. e4 c5 2. c4 Nc6 3. Nc3 g6 4. f4 Bg7 5. Nf3 d6 6. h3 e6 7. d3 Nge7 8. Be3 Nd4 9. Be2 0-0 10. 0-0 Bd7 11. Rb1 a6 12. a3 b5 13. Bxd4 cxd4 14. Na2 e5 15. fxe5 dxe5 16. c5 a5 17. Qd2 Nc6 18. b4 axb4 19. axb4 Qe7 20. Bd1 Be6 21. Bb3 Bxb3 22. Rxb3 f5 23. exf5 gxf5 24. Nc1 Kh8 25. Re1 Qe6 26. Rb2 Qd5 27. Qg5 Qf7 28. Rbe2 Ra4 29. Nxe5 Nxe5 30. Rxe5 Bxe5 31. Rxe5 f4 32. Re7 Qf6 33. Qxf6+ Rxf6 34. Ne2 Rxb4 35. Rd7 Rb1+ 36. Kf2 Rb2 37. Kf3 Rc2 38. Rxd4 Rxc5 39. Nxf4 Kg8 40. Ke4 Rb6 41. Rb4 Kf7 42. g4 Rc1 43. Kd5 Rb7 44. h4 Ke7 45. Ne2 Rd7+ 46. Ke4 Re1 47. Ke3 Rh1 48. Nd4 Rh3+ 49. Ke4 Kf6 50. Nf3 Re7+ 51. Kf4 Rb7 52. h5 Kg7 53. Ne5 Rh1 54. d4 Kf6 55. d5 Rf1+ 56. Nf3 Ke7 57. Ke4 Kd6 58. Nd4 Kc5 59. Rb2 Re1+ 60. Ne2 b4 61. Rc2+ Kd6 62. Rc6+ Kd7 63. Kf3 b3 64. Rh6 Ke8 65. g5 Rxe2 66. Kxe2 b2 67. g6 b1Q 68. gxh7 Qe4+ 0-1

[Event "Chennai WinTV op 1st"]
[Site "Chennai"]
[Date "2004.02.01"]
[Round "13"]
[White "Ravi, Thandalam Shanmugam"]
[Black "Visweswaran, Kameswaran"]
[Result "1-0"]
[WhiteElo "2353"]
[BlackElo "2325"]
[PlyCount "80"]
[EventDate "2004.01.21"]
[EventType "swiss"]
[EventRounds "13"]
[EventCountry "IND"]
[SourceTitle "CBM 098 Extra"]
[Source "ChessBase"]
[SourceDate "2004.03.10"]
[SourceVersion "2"]
[SourceVersionDate "2004.03.10"]
[SourceQuality "1"]

1. e4 g6 2. d4 Bg7 3. Nf3 c6 4. h3 d6 5. Be3 Nd7 6. Bd3 Ngf6 7. 0-0 0-0 8. Nc3 e5 9. dxe5 dxe5 10. a4 Nh5 11. g3 Qe7 12. Kh2 Nc5 13. Be2 Ne6 14. Ng1 Rd8 15. Qc1 Nf6 16. f4 Nd4 17. fxe5 Qxe5 18. Bc4 Be6 19. Bxd4 Qxd4 20. Bxe6 Qd2+ 21. Nge2 fxe6 22. Rd1 Qxc1 23. Raxc1 Kf7 24. Rf1 Ke7 25. Rfd1 Nd7 26. Kg2 Ne5 27. b3 a6 28. Rxd8 Rxd8 29. Rd1 Rc8 30. a5 Nd7 31. Na4 Be5 32. Nf4 Bc7 33. b4 c5 34. bxc5 Bxf4 35. gxf4 Nxc5 36. Nb6 Rc7 37. Kf3 Rc6 38. Rd4 Rc7 39. Rc4 Kd6 40. Ke3 Kc6 1-0

[Event "Chennai WinTV op 1st"]
[Site "Chennai"]
[Date "2004.01.29"]
[Round "10"]
[White "Visweswaran, Kameswaran"]
[Black "Lahiri, Atanu"]
[Result "1-0"]
[WhiteElo "2325"]
[BlackElo "2325"]
[PlyCount "93"]
[EventDate "2004.01.21"]
[EventType "swiss"]
[EventRounds "13"]
[EventCountry "IND"]
[SourceTitle "CBM 098 Extra"]
[Source "ChessBase"]
[SourceDate "2004.03.10"]
[SourceVersion "2"]
[SourceVersionDate "2004.03.10"]
[SourceQuality "1"]

1. e4 c5 2. Nf3 d6 3. d4 cxd4 4. Nxd4 Nf6 5. Nc3 g6 6. Be3 Bg7 7. f3 Nc6 8. Bc4 0-0 9. Qd2 Bd7 10. 0-0-0 Qa5 11. Kb1 Rfc8 12. Nb3 Qc7 13. Be2 Ne5 14. g4 b5 15. h4 Nc4 16. Bxc4 bxc4 17. Nd4 Rab8 18. Ka1 Qb7 19. Rb1 Rc5 20. h5 Ra5 21. hxg6 fxg6 22. a3 Qa6 23. Na2 Ra4 24. c3 Rc8 25. g5 Nh5 26. Ne2 Rf8 27. Rbf1 Qb7 28. Bd4 e5 29. Be3 Qc7 30. Nb4 Be6 31. f4 exf4 32. Nxf4 Nxf4 33. Rxf4 Ra5 34. Rfh4 Be5 35. Rxh7 Qxh7 36. Rxh7 Kxh7 37. Nc6 Rb5 38. Bd4 Bf4 39. Qf2 Bg4 40. Be3 Bxe3 41. Qxf8 Rxg5 42. Ne7 Be6 43. Qf6 Rg1+ 44. Ka2 Bg8 45. Qxd6 Bb6 46. Nc8 Be3 47. Qd7+ 1-0